=LDR 00000nam 2200000 4500 =001 INLIS000000000001707 =005 20130612090115 =008 ***********************************Ind** =035 ##$$0010-061300000001707 =041 ##$$a Ind =082 ##$$a 591.92 =090 ##$$a 591.92, Bin =245 ##$$a Binatang berbisa =260 ##$$a 1995 $b Bandung =300 ##$$a 20 hlm., ilus., 28 cm =650 ##$$a Binatang beracun =850 ##$$a NBPNMAT